| 000 | 00531nam a2200193Ia 4500 | ||
|---|---|---|---|
| 005 | 20250923145442.0 | ||
| 008 | 008 250917s9999 xx 000 0 eng d | ||
| 037 | _aTextual | ||
| 040 |
_aDSWL _beng _cDSWL |
||
| 041 |
_aeng _2eng |
||
| 084 |
_aY8, N70;1 _qDSWL |
||
| 100 |
_aSilverman, David _9835456 |
||
| 245 | 0 |
_aTheory of Organizations _c by David Silverman |
|
| 260 |
_aLondon _bHeinemann _c1970 |
||
| 365 |
_aINR _b25.4 |
||
| 925 | _g25.4 | ||
| 942 |
_cTEXL _hY8, N70;1 |
||
| 999 |
_c1451506 _d1451506 |
||